00438nam a2200157Ia 450000500170000000800410001704100080005808200130006610000130007924500660009226000370015830000090019550000260020465000250023070000250025520230425211135.0230125s9999 xx 000 0 und d aeng a657bVAZ aVaze A T aPragati question-answers : Theory and history of co-operation c2003bPragati publicationsaPune a116p aAccounting standards  aAccounting standards aVaze A T & Pawar I D